000 00422nam a2200181Ia 4500
005 20250423100354.0
008 250422s9999 xx 000 0 und d
020 _a978- 1- 59308- 205- 5
050 _aPS 3505 .A87O2/
100 _aCather, Willa
245 0 _aO pioneers!
260 _aNew York
260 _b Barnes & Noble Classics
260 _c2003
300 _a176 p
650 _aLiterature
942 _cBK
999 _c33110
_d33110